Disney Groups of 7 - Statistics

General Stats
  • This quiz has been taken 192 times
  • The average score is 13 of 28
Answer Stats
Hint Answer % Correct
Dwarves Doc
92%
Dwarves Grumpy
92%
Dwarves Happy
91%
Dwarves Sleepy
91%
Dwarves Dopey
89%
Dwarves Sneezy
87%
Dwarves Bashful
85%
King Triton's daughters Ariel
83%
2000s Pixar films Up
51%
2000s Pixar films Cars
49%
Songs from the Princess and the Frog Almost There
46%
2000s Pixar films Finding Nemo
39%
2000s Pixar films Monsters, Inc.
37%
2000s Pixar films The Incredibles
37%
2000s Pixar films WALL-E
36%
Songs from the Princess and the Frog Friends on the Other Side
32%
King Triton's daughters Alana
29%
King Triton's daughters Aquata
29%
Songs from the Princess and the Frog Dig a Little Deeper
29%
King Triton's daughters Arista
28%
Songs from the Princess and the Frog Down in New Orleans
26%
King Triton's daughters Adella
25%
2000s Pixar films Ratatouille
25%
King Triton's daughters Attina
24%
Songs from the Princess and the Frog When We're Human
22%
King Triton's daughters Andrina
20%
Songs from the Princess and the Frog Gonna Take You There
15%
Songs from the Princess and the Frog Ma Belle Evangeline
15%
No matching quizzes found
Score Distribution
Percent of People with Each Score
Percentile by Number Answered
Your Score History
You have not taken this quiz